[Event "Mitropa Cup 16th"]
[Site "Buekfuerdo"]
[Date "1995.??.??"]
[Round "3"]
[White "Mueller, Karsten"]
[Black "Pelletier, Yannick"]
[Result "1-0"]
[WhiteElo "2470"]
[BlackElo "2420"]
[Annotator "Hecht"]
[PlyCount "97"]
[EventDate "1995.02.??"]
[EventType "team-tourn"]
[EventRounds "9"]
[EventCountry "HUN"]
[Source "ChessBase"]
[SourceDate "1995.07.01"]

1. e4 c5 2. Nf3 Nc6 3. d4 cxd4 4. Nxd4 Nf6 5. Nc3 d6 6. Bc4 Qb6 7. Nde2 e6 8.
O-O a6 9. Bb3 Be7 10. Kh1 Qc7 11. f4 O-O 12. f5 Na5 13. Nf4 Nxb3 14. axb3 Bd7
15. Nh5 Bc6 16. Bg5 Nxh5 17. Qxh5 Bxg5 18. Qxg5 exf5 19. exf5 f6 20. Qd2 Rfe8
21. Rad1 Rad8 22. Ne2 Re5 23. Nd4 Qf7 24. Kg1 Qh5 25. Rde1 Qg4 26. h3 Qg3 27.
Nxc6 bxc6 28. Rxe5 Qxe5 29. Qd3 Re8 30. Qc4+ Qd5 31. Qxd5+ cxd5 32. Kf2 $18 {
Die schwarze P-Struktur ist zu schlecht.} Re5 33. g4 d4 34. Rd1 Re3 35. Rxd4
Rxh3 36. Ke2 Rg3 37. Rxd6 Rxg4 38. Rxa6 h5 39. Kf3 Rg5 40. Ke4 Rg2 41. c4 {
Klarer weißer Gewinn mit verbundenen Freibauern und aktivem K.} h4 42. b4 Rxb2
43. b5 h3 44. Kd5 g5 45. fxg6 Kg7 46. Ra1 Kxg6 47. Kc6 Kf5 48. b6 Ke4 49. Rh1
1-0

[Event "Mitropa Cup 16th"]
[Site "Buekfuerdo"]
[Date "1995.??.??"]
[Round "3"]
[White "Robatsch, Karl"]
[Black "Arlandi, Ennio"]
[Result "1/2-1/2"]
[WhiteElo "2410"]
[BlackElo "2440"]
[PlyCount "80"]
[EventDate "1995.02.??"]
[EventType "team-tourn"]
[EventRounds "9"]
[EventCountry "HUN"]
[Source "ChessBase"]
[SourceDate "1995.07.01"]

1. Nf3 d5 2. d4 Nf6 3. c4 c6 4. Nc3 a6 5. Qb3 e6 6. Bg5 b5 7. cxd5 cxd5 8. Ne5
Be7 9. e3 O-O 10. Bd3 Bb7 11. O-O Nbd7 12. Nxd7 Nxd7 13. Bxe7 Qxe7 14. a4 b4
15. Na2 a5 16. Rfc1 Rfc8 17. Rxc8+ Rxc8 18. Rc1 Qd8 19. Qd1 Nb6 20. b3 h6 21.
Rc2 Rc7 22. Bb5 Qc8 23. Rxc7 Qxc7 24. Qc1 Qxc1+ 25. Nxc1 Kf8 26. Nd3 Ke7 27.
Nc5 Bc8 28. f3 Kd6 29. Kf2 Na8 30. f4 Nc7 31. Be2 Ne8 32. g4 f6 33. h4 e5 34.
Nd3 exd4 35. exd4 Ba6 36. Nc5 Bxe2 37. Kxe2 g5 38. Kf3 Ke7 39. hxg5 hxg5 40.
Ke3 Nd6 1/2-1/2

[Event "Mitropa Cup 16th"]
[Site "Buekfuerdo"]
[Date "1995.??.??"]
[Round "3"]
[White "Tatai, Stefano"]
[Black "Wittmann, Walter"]
[Result "1/2-1/2"]
[WhiteElo "2430"]
[BlackElo "2405"]
[PlyCount "85"]
[EventDate "1995.02.??"]
[EventType "team-tourn"]
[EventRounds "9"]
[EventCountry "HUN"]
[Source "ChessBase"]
[SourceDate "1995.07.01"]

1. e4 c5 2. Nf3 d6 3. d4 cxd4 4. Nxd4 Nf6 5. Nc3 Nc6 6. Bg5 Bd7 7. Qd2 Rc8 8.
O-O-O Nxd4 9. Qxd4 Qa5 10. Bd2 a6 11. Kb1 Qc5 12. Qxc5 Rxc5 13. f3 g6 14. Be3
Rc6 15. Nd5 Bg7 16. Nb6 Be6 17. c4 Nd7 18. Nd5 f5 19. exf5 Bxf5+ 20. Ka1 Kf7
21. Bd4 Bxd4 22. Rxd4 Nf6 23. Ne3 Be6 24. Be2 Rhc8 25. b3 Rc5 26. f4 a5 27.
Rhd1 h6 28. a4 b6 29. Kb2 g5 30. Bf3 Rg8 31. R1d2 Rgc8 32. g3 Rf8 33. Nd1 gxf4
34. Rxf4 Rf5 35. Rdd4 Rxf4 36. Rxf4 Kg7 37. Nf2 Nd7 38. Rxf8 Kxf8 39. Nd3 Bf7
40. Nf4 e5 41. Ng2 Nf6 42. Ne3 Be6 43. Kc3 1/2-1/2

[Event "Mitropa Cup 16th"]
[Site "Buekfuerdo"]
[Date "1995.??.??"]
[Round "3"]
[White "Varga, Zoltan"]
[Black "Sosonko, Gennadi"]
[Result "1/2-1/2"]
[WhiteElo "2460"]
[BlackElo "2535"]
[PlyCount "68"]
[EventDate "1995.02.??"]
[EventType "team-tourn"]
[EventRounds "9"]
[EventCountry "HUN"]
[Source "ChessBase"]
[SourceDate "1995.07.01"]

1. e4 c5 2. Nf3 d6 3. d4 cxd4 4. Nxd4 Nf6 5. Nc3 Nc6 6. Bg5 e6 7. Qd2 Be7 8.
O-O-O Nxd4 9. Qxd4 O-O 10. f4 Qa5 11. Bc4 Bd7 12. e5 dxe5 13. fxe5 Bc6 14. Bd2
Nd7 15. Nd5 Qd8 16. Nxe7+ Qxe7 17. Rhe1 Rfd8 18. Bf1 Nc5 19. Qg4 Rd7 20. Bg5
Rxd1+ 21. Rxd1 Qf8 22. Qh4 Nd7 23. Be7 Qe8 24. Bd3 h6 25. Re1 Nf8 26. Rf1 Bb5
27. Bxf8 Bxd3 28. Bxg7 Qc6 29. Rf2 Kxg7 30. Qf6+ Kg8 31. Qxf7+ Kh8 32. Qf6+ Kh7
33. Qf7+ Kh8 34. Qf6+ Kh7 1/2-1/2

[Event "Mitropa Cup 16th"]
[Site "Buekfuerdo"]
[Date "1995.??.??"]
[Round "3"]
[White "Zelcic, Robert"]
[Black "Timoscenko, Gennadij"]
[Result "0-1"]
[WhiteElo "2500"]
[BlackElo "2520"]
[PlyCount "82"]
[EventDate "1995.02.??"]
[EventType "team-tourn"]
[EventRounds "9"]
[EventCountry "HUN"]
[Source "ChessBase"]
[SourceDate "1995.07.01"]

1. e4 c5 2. Nf3 d6 3. d4 cxd4 4. Nxd4 Nf6 5. Nc3 a6 6. Be2 e6 7. O-O Be7 8. f4
O-O 9. Be3 Qc7 10. Qe1 b5 11. Bf3 Bb7 12. a3 Nbd7 13. Kh1 Nc5 14. Bf2 Na4 15.
Nxa4 bxa4 16. Bh4 Rab8 17. b4 Rfc8 18. Rd1 g6 19. e5 dxe5 20. Bxb7 Rxb7 21.
fxe5 Nd5 22. Bxe7 Qxe7 23. Rd3 Rc4 24. Qd2 Rbc7 25. Rff3 Qh4 26. Rf1 Qe4 27. h3
Qxe5 28. Qf2 Qe4 29. Re1 Rxc2 30. Qxf7+ Kxf7 31. Rxe4 R7c3 32. Rd1 Rc1 33. Rxc1
Rxc1+ 34. Kh2 Rc3 35. Rxe6 Rc4 36. Re4 Nf6 37. Rf4 g5 38. Rf5 Rxd4 39. Ra5 Rd6
40. Rxa4 h5 41. Ra5 Kg6 0-1

[Event "Mitropa Cup 16th"]
[Site "Buekfuerdo"]
[Date "1995.??.??"]
[Round "4"]
[White "Dobrovolsky, Ladislav"]
[Black "Belotti, Bruno"]
[Result "0-1"]
[WhiteElo "2380"]
[BlackElo "2405"]
[PlyCount "66"]
[EventDate "1995.02.??"]
[EventType "team-tourn"]
[EventRounds "9"]
[EventCountry "HUN"]
[Source "ChessBase"]
[SourceDate "1995.07.01"]

1. e4 c5 2. Nf3 d6 3. Bc4 e6 4. O-O Nc6 5. Qe2 Nf6 6. d3 Be7 7. Bb3 d5 8. e5
Nd7 9. Bf4 g5 10. Bg3 h5 11. h3 g4 12. hxg4 hxg4 13. Nh2 Bh4 14. Nc3 Bxg3 15.
fxg3 Ndxe5 16. Nxg4 Qg5 17. Nxe5 Nxe5 18. Rf4 Bd7 19. Re1 f6 20. Qf2 b6 21.
Bxd5 exd5 22. Nxd5 O-O-O 23. Nxf6 Ng4 24. Qf3 Nxf6 25. Rxf6 Kc7 26. Rf7 Rhe8
27. Rxe8 Rxe8 28. Qf4+ Qxf4 29. gxf4 Re2 30. g4 Kd8 31. g5 Ke8 32. g6 Rxc2 33.
Rf6 Bh3 0-1

[Event "Mitropa Cup 16th"]
[Site "Buekfuerdo"]
[Date "1995.??.??"]
[Round "4"]
[White "Ekstroem, Roland"]
[Black "Timoscenko, Gennadij"]
[Result "1/2-1/2"]
[WhiteElo "2430"]
[BlackElo "2520"]
[PlyCount "34"]
[EventDate "1995.02.??"]
[EventType "team-tourn"]
[EventRounds "9"]
[EventCountry "HUN"]
[Source "ChessBase"]
[SourceDate "1995.07.01"]

1. Nf3 Nf6 2. d4 g6 3. Nc3 d5 4. Bf4 Bg7 5. e3 O-O 6. Be2 c6 7. Ne5 Nfd7 8. Qd2
f6 9. Nxd7 Nxd7 10. e4 e5 11. dxe5 fxe5 12. Bg5 Qb6 13. O-O d4 14. Na4 Qc7 15.
b3 Nf6 16. Bf3 c5 17. c3 Bd7 1/2-1/2

[Event "Mitropa Cup 16th"]
[Site "Buekfuerdo"]
[Date "1995.??.??"]
[Round "4"]
[White "Gyimesi, Zoltan"]
[Black "Casagrande, Harald"]
[Result "1/2-1/2"]
[WhiteElo "2500"]
[BlackElo "2385"]
[PlyCount "28"]
[EventDate "1995.02.??"]
[EventType "team-tourn"]
[EventRounds "9"]
[EventCountry "HUN"]
[Source "ChessBase"]
[SourceDate "1995.07.01"]

1. d4 g6 2. e4 Bg7 3. Nc3 c6 4. Be3 d5 5. Qd2 dxe4 6. Nxe4 Nd7 7. Bd3 Ngf6 8.
f3 O-O 9. O-O-O e5 10. Ne2 Nxe4 11. Bxe4 Nf6 12. Nc3 Qa5 13. Kb1 Be6 14. Nd5
Qxd2 1/2-1/2

[Event "Mitropa Cup 16th"]
[Site "Buekfuerdo"]
[Date "1995.??.??"]
[Round "4"]
[White "Hoffmann, Michael"]
[Black "Van Wely, Loek"]
[Result "1/2-1/2"]
[WhiteElo "2475"]
[BlackElo "2575"]
[Annotator "Hecht"]
[PlyCount "144"]
[EventDate "1995.02.??"]
[EventType "team-tourn"]
[EventRounds "9"]
[EventCountry "HUN"]
[Source "ChessBase"]
[SourceDate "1995.07.01"]

1. d4 d5 2. c4 e6 3. Nf3 Nf6 4. g3 c5 5. cxd5 exd5 6. Bg2 Nc6 7. O-O Be7 8. Nc3
O-O 9. dxc5 Bxc5 10. Bg5 d4 11. Bxf6 Qxf6 12. Nd5 Qd8 13. Nd2 Re8 14. Re1 Be6
15. Nf4 Bf5 16. a3 Rc8 17. Rc1 Bb6 18. b4 a6 19. Qb3 Qd7 20. Qd5 Qxd5 21. Bxd5
g5 22. Nd3 Re7 23. Nc4 Bc7 24. Nc5 Bb8 25. Rcd1 Rd8 26. Bxc6 bxc6 27. Na5 Rd6
28. Nab3 d3 29. exd3 Rxe1+ 30. Rxe1 Ba7 31. d4 Bxc5 32. Nxc5 Rxd4 33. Nxa6 Bh3
34. Nc5 Kf8 35. Rb1 Ke7 36. a4 Bf5 37. Rb2 Kd6 38. f3 Kd5 39. a5 Kc4 40. Kf2
Rd1 41. h4 gxh4 42. gxh4 Ra1 43. Ke3 Be6 44. Nxe6 fxe6 45. Rc2+ (45. Kf4 Kc3
46. Re2 Kxb4 47. Rxe6 Kb5 48. Rh6 Rxa5 49. Rxh7 c5 $132) 45... Kxb4 46. Rxc6
Kxa5 47. Kf4 Re1 48. Rc5+ Kb6 49. Re5 Rf1 50. Rxe6+ Kc7 51. h5 (51. Re7+ Kd6
52. Rxh7 Ke6 $10) 51... Kd7 {Das Thema ist das schwierige R-Endspiel h+f bei
abgeschnittenem K.} 52. Re4 (52. Re3 $142 $5 Rg1 (52... h6 $6 53. Kf5 Rg1 54.
f4 $16) (52... Kd6 53. Kg5 Rg1+ 54. Kh6 Rg3 55. Kxh7 Kd7 56. h6 Kd8 57. Kh8 Rg6
58. h7 Rg3 59. Re4 Rxf3 60. Rg4 $18) 53. Kf5 Rg3 54. Kf6 h6 55. Re7+ Kd6 56. f4
Rh3 {Gewinn/Remis!? - Analyse!}) 52... h6 53. Re5 Kd6 54. Ra5 Ke6 $10 55. Ra6+
Kf7 56. Rxh6 Kg7 57. Rg6+ Kh7 58. Re6 Rh1 59. Kg5 Rg1+ 60. Kf5 Rh1 61. h6 Rf1
62. f4 Ra1 63. Kg5 Rg1+ 64. Kf6 Kxh6 65. f5 Kh7 66. Re7+ Kg8 67. Re8+ Kh7 68.
Ke6 Re1+ 69. Kf7 Ra1 70. f6 Ra7+ 71. Re7 Ra8 72. Re6 Rb8 1/2-1/2

[Event "Mitropa Cup 16th"]
[Site "Buekfuerdo"]
[Date "1995.??.??"]
[Round "4"]
[White "Loncar, Robert"]
[Black "Grosar, Aljosa"]
[Result "1/2-1/2"]
[WhiteElo "2385"]
[BlackElo "2475"]
[PlyCount "29"]
[EventDate "1995.02.??"]
[EventType "team-tourn"]
[EventRounds "9"]
[EventCountry "HUN"]
[Source "ChessBase"]
[SourceDate "1995.07.01"]

1. e4 c5 2. Nf3 d6 3. Bb5+ Nd7 4. O-O Ngf6 5. Re1 a6 6. Bf1 e6 7. b3 Be7 8. Bb2
O-O 9. c4 b6 10. d4 cxd4 11. Nxd4 Bb7 12. Nc3 Qc7 13. Qd3 Rfe8 14. Rad1 Nc5 15.
Qg3 1/2-1/2

[Event "Mitropa Cup 16th"]
[Site "Buekfuerdo"]
[Date "1995.??.??"]
[Round "4"]
[White "Manik, Mikulas"]
[Black "Costa, Jean Luc"]
[Result "1-0"]
[WhiteElo "2380"]
[BlackElo "2425"]
[PlyCount "68"]
[EventDate "1995.02.??"]
[EventType "team-tourn"]
[EventRounds "9"]
[EventCountry "HUN"]
[Source "ChessBase"]
[SourceDate "1995.07.01"]

1. e4 c5 2. Nf3 e6 3. d4 cxd4 4. Nxd4 a6 5. Bd3 Nf6 6. O-O Qc7 7. c4 Bc5 8. Nb3
Ba7 9. Nc3 Nc6 10. c5 Nb4 11. Be2 b6 12. a3 Nc6 13. Be3 bxc5 14. Bxc5 Bxc5 15.
Nxc5 Qe5 16. N5a4 Rb8 17. b4 d6 18. Qd3 O-O 19. Rad1 Ne8 20. f4 Qf6 21. Nb2 Bb7
22. Nc4 Rd8 23. Qe3 Qe7 24. Rd2 Qc7 25. Rfd1 Ne7 26. Na5 d5 27. Na4 Nd6 28. e5
Ne4 29. Rd3 Nf5 30. Qc1 Qb8 31. Nc5 Ba8 32. Nxa6 Qa7+ 33. Nc5 Rc8 34. Nab3 Qxa3
1-0

[Event "Mitropa Cup 16th"]
[Site "Buekfuerdo"]
[Date "1995.??.??"]
[Round "4"]
[White "Marinelli, Tullio"]
[Black "Gross, David"]
[Result "1-0"]
[WhiteElo "2425"]
[BlackElo "2425"]
[PlyCount "79"]
[EventDate "1995.02.??"]
[EventType "team-tourn"]
[EventRounds "9"]
[EventCountry "HUN"]
[Source "ChessBase"]
[SourceDate "1995.07.01"]

1. d4 Nf6 2. c4 g6 3. Nc3 Bg7 4. e4 d6 5. f3 O-O 6. Be3 c5 7. Nge2 Nc6 8. Qd2
a6 9. Rd1 cxd4 10. Nxd4 Bd7 11. Be2 Qc7 12. O-O Ne5 13. b3 Rfc8 14. Bg5 Bc6 15.
Kh1 Ned7 16. Rfe1 Rab8 17. Bf1 Qa5 18. f4 h6 19. Bh4 Qh5 20. Bg3 Nc5 21. Nxc6
bxc6 22. h3 Nh7 23. e5 Qf5 24. Bf2 Ne6 25. Be3 Nc7 26. g4 Qe6 27. Bd3 dxe5 28.
f5 Qf6 29. Ne4 Qh4 30. Qg2 Ng5 31. Nxg5 hxg5 32. fxg6 fxg6 33. Bxg6 Qh6 34. Bf5
Rd8 35. Rxd8+ Rxd8 36. Bb6 Qd6 37. c5 Qd2 38. Qxd2 Rxd2 39. Bxc7 Rxa2 40. Bxe5
1-0

[Event "Mitropa Cup 16th"]
[Site "Buekfuerdo"]
[Date "1995.??.??"]
[Round "4"]
[White "Mohr, Georg"]
[Black "Leventic, Ivan"]
[Result "1/2-1/2"]
[WhiteElo "2430"]
[BlackElo "2400"]
[PlyCount "62"]
[EventDate "1995.02.??"]
[EventType "team-tourn"]
[EventRounds "9"]
[EventCountry "HUN"]
[Source "ChessBase"]
[SourceDate "1995.07.01"]

1. Nf3 Nf6 2. c4 c5 3. Nc3 Nc6 4. e3 e5 5. a3 Be7 6. d4 exd4 7. exd4 d5 8. dxc5
dxc4 9. Qxd8+ Nxd8 10. Bxc4 Bxc5 11. O-O O-O 12. Bg5 Bf5 13. b4 Be7 14. Nd4 Be6
15. Nxe6 Nxe6 16. Bxe6 fxe6 17. Nb5 h6 18. Be3 Nd5 19. Bxa7 b6 20. Rac1 Rfc8
21. g3 Kf7 22. Rxc8 Rxc8 23. Rb1 Ra8 24. Rc1 Bd8 25. Rc4 Ke7 26. a4 Kd7 27. Kg2
Rc8 28. Rxc8 Kxc8 29. a5 bxa5 30. bxa5 Bxa5 31. Bd4 Nf6 1/2-1/2

[Event "Mitropa Cup 16th"]
[Site "Buekfuerdo"]
[Date "1995.??.??"]
[Round "4"]
[White "Mueller, Karsten"]
[Black "Bosboom, Manuel"]
[Result "1-0"]
[WhiteElo "2470"]
[BlackElo "2430"]
[PlyCount "107"]
[EventDate "1995.02.??"]
[EventType "team-tourn"]
[EventRounds "9"]
[EventCountry "HUN"]
[Source "ChessBase"]
[SourceDate "1995.07.01"]

1. e4 c5 2. Nf3 d6 3. d4 cxd4 4. Nxd4 Nf6 5. Nc3 a6 6. Bc4 b5 7. Bd5 Ra7 8. Be3
Rc7 9. f3 e6 10. Bb3 Be7 11. O-O O-O 12. Qd2 Nc6 13. Nxc6 Rxc6 14. Ne2 Bd7 15.
a4 Qb8 16. axb5 axb5 17. Ra7 Rfc8 18. Rfa1 h6 19. Nf4 Bd8 20. Qf2 Kf8 21. Nd3
Bb6 22. Bxb6 Qxb6 23. Nb4 Qxf2+ 24. Kxf2 R6c7 25. c3 Ke7 26. R7a6 Rb8 27. Bc2
g5 28. Rd1 Ne8 29. h4 Rbb7 30. hxg5 hxg5 31. Rda1 Nf6 32. Rd1 Ne8 33. Rda1 Nf6
34. Ke3 d5 35. e5 Nh5 36. Rh1 Nf4 37. g3 d4+ 38. Kxd4 Rc4+ 39. Ke3 Rxb4 40.
cxb4 Nd5+ 41. Kd2 Nxb4 42. Be4 Rc7 43. Rd6 Rc5 44. f4 gxf4 45. gxf4 Rc4 46. Ke3
Bc6 47. Bxc6 Nxc6 48. Rh8 b4 49. Rd3 Rc1 50. Rc8 Rc4 51. Rc7+ Ke8 52. Rdd7 b3
53. Rxf7 Rc2 54. Rh7 1-0

[Event "Mitropa Cup 16th"]
[Site "Buekfuerdo"]
[Date "1995.??.??"]
[Round "4"]
[White "Sermek, Drazen"]
[Black "Rogic, Davor"]
[Result "1/2-1/2"]
[WhiteElo "2515"]
[BlackElo "2460"]
[Annotator "Hansen,Cu"]
[PlyCount "51"]
[EventDate "1995.02.??"]
[EventType "team-tourn"]
[EventRounds "9"]
[EventCountry "HUN"]
[Source "ChessBase"]
[SourceDate "1995.07.01"]

1. e4 e5 2. Nf3 Nc6 3. Bc4 Bc5 4. c3 Nf6 5. b4 Bb6 6. d3 d6 7. O-O O-O 8. a4 a5
9. b5 Ne7 (9... Nb8 10. Nbd2 c6 11. Ba3 Re8 12. Re1 d5 13. Ba2 Bc7 14. c4 dxe4
15. dxe4 b6 16. c5 $14 {Hajkova Moskova,J-Limbach,R/Novi Sad ol-W/1990/} Bg4)
10. Nbd2 (10. Qb3 Ng6 (10... h6 11. Be3 Bxe3 12. fxe3 c6 13. Qa2 Qb6 14. Qe2
Ng4 15. d4 d5 16. Bd3 dxe4 17. Bxe4 f5 18. Bc2 e4 19. Bb3+ Kh7 20. Nfd2 Qc7 21.
g3 $13 {Mozes,E-Papp,N/HUN-chT/1992/}) 11. Kh1 h6 12. Ra2 Bg4 13. Ng1 Qd7 14.
f4 exf4 15. Bxf4 Nh5 16. Bc1 Ne5 17. d4 Nxc4 18. Qxc4 Rae8 $15 {Horwitz,
B-Kieseritzky,L/London/1846/}) (10. Bg5 Ng6 (10... c6 11. bxc6 bxc6 12. Ba2 Ng6
13. Nh4 Nf4 14. Bxf4 exf4 15. Nf3 Bg4 16. Nbd2 d5 17. e5 Nd7 18. Re1 d4 19. h3
Bh5 20. Qc2 dxc3 21. Qxc3 c5 22. Re4 Nb8 23. Rae1 Nc6 24. e6 Ra7 25. Ne5 $16 {
Sermek,D-Wehmeier,S/Gronningen op/1993/}) 11. Nh4 Kh8 12. Qf3 h6 13. Bxf6 Nxh4
14. Bxd8 Nxf3+ 15. gxf3 Rxd8 $15 {Djurhuus,R-Wahl,M/EU-chJ Arnhem/1988/}) (10.
Be3 Bxe3 11. fxe3 Ng6 12. Na3 b6 13. Qb3 Qe7 14. Rae1 Be6 15. Bd5 h6 16. Kh1
Bxd5 17. exd5 e4 $15 {Rogers,N-Rios,A/Philadelphia op/1992/}) (10. Re1 Ng6 11.
Qb3 h6 12. d4 Bg4 13. Nbd2 Nd7 14. Ba3 Qf6 15. h3 Bxf3 16. Nxf3 Nf4 17. Kh2
exd4 18. cxd4 Bxd4 19. Nxd4 Qxd4 20. Qc2 Ne5 $17 {Van Blitterswijk,S-Homs,G/ch
Netherlands XI/1994/}) 10... Ng6 (10... c6 {Pd6-d5} 11. bxc6 $5 bxc6 12. Ba3
Re8 13. Bb3 Ng6 14. Nc4 Bc7 15. Qc2 Bg4 $10 {Hjartarson,J-Georgadze,G/Tilburg/
1993/0-1/43/}) 11. Ba2 (11. Bb3 c6 (11... h6 12. Nc4 Ba7 13. Nxa5 Bxf2+ 14.
Rxf2 Rxa5 15. h3 Be6 16. Nd2 $14 {Fuglsang,F-Jakobsen,P/Copenhagen-ch/1995/})
12. d4 {N; 12.Ba3? - 42/(387)} (12. bxc6 $5 {N; 12.Ba3? - 42/(387); 12.d4} bxc6
13. d4 Bg4 14. Qc2 Nf4 $5 (14... Rb8) 15. dxe5 dxe5 16. Nxe5 $1 Be2 17. Ndf3 $1
(17. Re1 $2 Bxf2+ $1 {/\ Qb6-+}) 17... N6h5 $1 $8 (17... Bxf1 18. Bxf4 {/\
Ng5+-}) 18. Re1 Bxf3 19. Nxf3 Qd7 $44 {Mestel,J-Greenfeld,A/Beer-Sheva/1988/
inf 45/367/} (19... Qf6 $2 20. e5 Nh3+ 21. Kf1 $18) (19... Qc8 20. Nd4 $1))
12... Bg4 13. Bb2 d5 14. h3 dxe4 15. Nxe4 Bf5 $1 16. Ng3 Qc8 17. Nxe5 $2 (17.
bxc6 $16 {/\ Ne5 Nunn,J}) 17... Nxe5 18. dxe5 Ne4 19. Qf3 Nd2 $2 (19... Nxg3
$15) 20. Qf4 Nxb3 21. Nxf5 $18 {+- Nunn,J-Winants,L/Bruxelles 45/(365) 1988}) (
11. Qb3 Bg4 12. h3 Bh5 13. Nh2 Nf4 14. Ndf3 Ne2+ 15. Kh1 Nxc1 16. Raxc1 Kh8 17.
g4 Bg6 18. Nh4 c6 19. bxc6 bxc6 20. Rce1 Nd7 21. Ng2 d5 22. exd5 Nc5 23. Qd1
cxd5 $15 {Torre,E-Tukmakov,V/Leningrad/1987/}) 11... c6 12. bxc6 bxc6 13. d4
Bg4 14. Bb2 Rb8 (14... d5 15. h3 dxe4 16. Nxe4 $14) 15. Qc2 Nh5 16. h3 (16. g3
Qf6 $40) 16... Bc8 {/\Nhf4 ->} 17. Ba3 Re8 18. Nc4 Bc7 19. Rad1 exd4 (19... Qf6
20. dxe5 dxe5 21. Bd6 $16) 20. Rxd4 (20. cxd4 Nhf4 $132) 20... d5 21. exd5 cxd5
22. Ne3 Nhf4 23. Bxd5 {/\Bxf7+} Qf6 $44 24. Rfd1 Ne5 {/\25..Nxh3+ 26.gxh3
Nxf3+ -/+} 25. Nxe5 Bxe5 26. Rc4 {Hansen,Cu} (26. Rc4 Qg5 (26... Ba6 27. Ng4 (
27. Rc6 Ne2+ 28. Kh1 Qxf2 29. Rxa6 Ng3+ 30. Kh2 Ne4+ 31. Kh1 Qxc2 32. Nxc2 Nf2+
33. Kg1 Nxd1 $15) 27... Qg5 28. Rc6 $16) 27. Kh1 Qh5 $44) 1/2-1/2

[Event "Mitropa Cup 16th"]
[Site "Buekfuerdo"]
[Date "1995.??.??"]
[Round "4"]
[White "Stajcic, Nikola"]
[Black "Fogarasi, Tibor"]
[Result "0-1"]
[WhiteElo "2350"]
[BlackElo "2500"]
[PlyCount "64"]
[EventDate "1995.02.??"]
[EventType "team-tourn"]
[EventRounds "9"]
[EventCountry "HUN"]
[Source "ChessBase"]
[SourceDate "1995.07.01"]

1. d4 Nf6 2. Nf3 c5 3. d5 d6 4. Nc3 Qa5 5. Nd2 b5 6. e4 b4 7. Ncb1 g6 8. b3 Bg7
9. Bb2 O-O 10. Be2 Qc7 11. O-O e6 12. Bf3 exd5 13. exd5 Nbd7 14. Nc4 Bb7 15. a3
Rfe8 16. axb4 cxb4 17. Re1 Bxd5 18. Rxe8+ Rxe8 19. Bxd5 Nxd5 20. Bxg7 Kxg7 21.
Qd4+ N5f6 22. Nbd2 d5 23. Rxa7 Re1+ 24. Nf1 Qc5 25. Qxc5 Nxc5 26. Nce3 d4 27.
Nc4 Rc1 28. Rc7 Nce4 29. f3 Nc3 30. Ne5 Nfd5 31. Rxf7+ Kg8 32. Rd7 Ne3 0-1

[Event "Mitropa Cup 16th"]
[Site "Buekfuerdo"]
[Date "1995.??.??"]
[Round "4"]
[White "Van der Werf, Mark"]
[Black "Kachiani Gersinska, Ketino"]
[Result "1/2-1/2"]
[WhiteElo "2415"]
[BlackElo "2380"]
[PlyCount "67"]
[EventDate "1995.02.??"]
[EventType "team-tourn"]
[EventRounds "9"]
[EventCountry "HUN"]
[Source "ChessBase"]
[SourceDate "1995.07.01"]

1. Nf3 Nf6 2. c4 g6 3. Nc3 Bg7 4. e4 O-O 5. d4 c6 6. e5 Ne8 7. Be2 d6 8. Bf4
dxe5 9. Bxe5 Bxe5 10. Nxe5 Nd7 11. Nxd7 Bxd7 12. h4 Ng7 13. h5 f6 14. hxg6 hxg6
15. Qd2 Kf7 16. O-O-O Rh8 17. g4 g5 18. f4 gxf4 19. Qxf4 Ne6 20. Qe3 Qc7 21. d5
Ng5 22. Rhf1 Rhg8 23. d6 exd6 24. Qf4 Raf8 25. Rxd6 Ke7 26. c5 Kd8 27. Bc4 Rg7
28. Qd4 Nh7 29. Bd3 Kc8 30. Bxh7 Rxh7 31. Rdxf6 Rxf6 32. Rxf6 Qg3 33. Rf8+ Kc7
34. Qf4+ 1/2-1/2

[Event "Mitropa Cup 16th"]
[Site "Buekfuerdo"]
[Date "1995.??.??"]
[Round "4"]
[White "Varga, Zoltan"]
[Black "Robatsch, Karl"]
[Result "1-0"]
[WhiteElo "2460"]
[BlackElo "2410"]
[Annotator "Ernst"]
[PlyCount "53"]
[EventDate "1995.02.??"]
[EventType "team-tourn"]
[EventRounds "9"]
[EventCountry "HUN"]
[Source "ChessBase"]
[SourceDate "1995.07.01"]

1. e4 c5 2. Nf3 d6 3. d4 cxd4 4. Nxd4 Nf6 5. Nc3 Nc6 6. Bg5 Bd7 7. Qd2 Rc8 8.
f4 Nxd4 9. Qxd4 Qa5 10. e5 dxe5 11. fxe5 e6 12. O-O-O Bc6 13. Nb5 Bxb5 14. exf6
Bc6 (14... Ba4 $142) 15. h4 $1 g6 (15... Rg8 16. Bc4 gxf6 17. Rhe1 $1 $16 {/\
18.Bxe6. Kupreichik,V-Yudasin,L/USSR(ch)/1981}) 16. Bc4 Bc5 17. Qg4 h5 (17...
O-O $2 18. h5 $18) 18. Qe2 $1 $146 {>< e4} (18. Qg3 O-O 19. Bxe6 Be4 $13 {
Grozpeter,A-Gyorkas,L/Zalakoras/1994}) 18... O-O 19. Rhf1 {/\ 20.g4} Bd5 20.
Bxd5 exd5 21. Kb1 Rfe8 22. Qf3 d4 23. g4 $1 {>< Kg8} hxg4 24. Qxg4 Qb4 25. h5
d3 26. c4 gxh5 27. Qxh5 1-0